<?xml version="1.0" encoding="UTF-8"?>
<record
    xmlns:xsi="http://www.w3.org/2001/XMLSchema-instance"
    xsi:schemaLocation="http://www.loc.gov/MARC21/slim http://www.loc.gov/standards/marcxml/schema/MARC21slim.xsd"
    xmlns="http://www.loc.gov/MARC21/slim">

  <leader>01535    a2200289   4500</leader>
  <controlfield tag="003">OSt</controlfield>
  <controlfield tag="005">20231103103602.0</controlfield>
  <controlfield tag="008">220503s2019    mx a|||| |||| 001 0 spa d</controlfield>
  <datafield tag="020" ind1=" " ind2=" ">
    <subfield code="a">9786071205681</subfield>
  </datafield>
  <datafield tag="040" ind1=" " ind2=" ">
    <subfield code="c">CHAP</subfield>
  </datafield>
  <datafield tag="090" ind1=" " ind2=" ">
    <subfield code="a">CD-510</subfield>
  </datafield>
  <datafield tag="245" ind1="0" ind2="0">
    <subfield code="a">Sostenibilidad y presente :</subfield>
    <subfield code="b">desafios y aciertos en la construcci&#xF3;n del futuro /</subfield>
    <subfield code="h">coordinado por Luis Arturo S&#xE1;nchez Midence, Erasmo Vel&#xE1;zquez Cigarroa y Liberio Victorivo Ram&#xED;rez.</subfield>
  </datafield>
  <datafield tag="264" ind1=" " ind2="1">
    <subfield code="a">Chapingo, M&#xE9;xico :</subfield>
    <subfield code="b">Universidad Aut&#xF3;noma Chapingo,</subfield>
    <subfield code="c">2019.</subfield>
  </datafield>
  <datafield tag="300" ind1=" " ind2=" ">
    <subfield code="a">249 p&#xE1;ginas:</subfield>
    <subfield code="b">tablas, figuras,</subfield>
  </datafield>
  <datafield tag="500" ind1=" " ind2=" ">
    <subfield code="a">Este trabajo fue recogido del VIII Congreso Internacional de Educaci&#xF3;n Ambiental para la Sustentabilidad desde la innovaci&#xF3;n, la transdisciplinariedad e interculturalidad ; efectuado en Octubre del 2018 en la Ciudad de Quetzaltenango, Guatemala. Se celebro el Primer Simposio y Segundo Seminario Internacional de Educaci&#xF3;n Ambiental y Desarrollo Sustentable (SIEA 2019) en la Universidad Aut&#xF3;noma Chapingo, en Mayo 2019.</subfield>
  </datafield>
  <datafield tag="504" ind1=" " ind2=" ">
    <subfield code="a">Incluye bibliograf&#xED;a.
</subfield>
  </datafield>
  <datafield tag="650" ind1=" " ind2="4">
    <subfield code="9">32082</subfield>
    <subfield code="a">Desarrollo sustentable</subfield>
  </datafield>
  <datafield tag="650" ind1=" " ind2="4">
    <subfield code="9">95190</subfield>
    <subfield code="a">Recursos naturales</subfield>
    <subfield code="x">Aprovechamiento</subfield>
  </datafield>
  <datafield tag="650" ind1=" " ind2="4">
    <subfield code="9">151311</subfield>
    <subfield code="a">Soberan&#xED;a alimentaria</subfield>
    <subfield code="x">M&#xE9;xico  </subfield>
  </datafield>
  <datafield tag="650" ind1=" " ind2="4">
    <subfield code="9">35556</subfield>
    <subfield code="a">Educaci&#xF3;n ambiental</subfield>
  </datafield>
  <datafield tag="650" ind1=" " ind2="4">
    <subfield code="9">149749</subfield>
    <subfield code="a">Restauraci&#xF3;n de bosques  </subfield>
  </datafield>
  <datafield tag="700" ind1="1" ind2=" ">
    <subfield code="9">188195</subfield>
    <subfield code="a">S&#xE1;nchez Midence, Luis Arturo</subfield>
    <subfield code="e">Coordinador.</subfield>
  </datafield>
  <datafield tag="700" ind1="1" ind2=" ">
    <subfield code="9">128864</subfield>
    <subfield code="a">Vel&#xE1;zquez Cigarroa, Erasmo</subfield>
    <subfield code="e">Coordinador.</subfield>
  </datafield>
  <datafield tag="700" ind1="1" ind2=" ">
    <subfield code="9">119091</subfield>
    <subfield code="a">Victorino Ram&#xED;rez, Liberio</subfield>
    <subfield code="e">Coordinador.</subfield>
  </datafield>
  <datafield tag="942" ind1=" " ind2=" ">
    <subfield code="2">local</subfield>
  </datafield>
  <datafield tag="942" ind1=" " ind2=" ">
    <subfield code="c">CD</subfield>
  </datafield>
  <datafield tag="999" ind1=" " ind2=" ">
    <subfield code="c">209253</subfield>
    <subfield code="d">209253</subfield>
  </datafield>
  <datafield tag="952" ind1=" " ind2=" ">
    <subfield code="0">0</subfield>
    <subfield code="1">0</subfield>
    <subfield code="2">local</subfield>
    <subfield code="4">0</subfield>
    <subfield code="5">1</subfield>
    <subfield code="7">0</subfield>
    <subfield code="8">MM</subfield>
    <subfield code="a">BC</subfield>
    <subfield code="b">BC</subfield>
    <subfield code="d">2023-10-24</subfield>
    <subfield code="l">0</subfield>
    <subfield code="o">CD-510</subfield>
    <subfield code="p">33724002583614</subfield>
    <subfield code="r">2023-10-24 00:00:00</subfield>
    <subfield code="w">2023-10-24</subfield>
    <subfield code="y">CD</subfield>
  </datafield>
  <datafield tag="952" ind1=" " ind2=" ">
    <subfield code="0">0</subfield>
    <subfield code="1">0</subfield>
    <subfield code="2">local</subfield>
    <subfield code="4">0</subfield>
    <subfield code="5">1</subfield>
    <subfield code="7">0</subfield>
    <subfield code="8">MM</subfield>
    <subfield code="a">BC</subfield>
    <subfield code="b">BC</subfield>
    <subfield code="d">2023-10-24</subfield>
    <subfield code="l">0</subfield>
    <subfield code="o">CD-510</subfield>
    <subfield code="p">33724002583575</subfield>
    <subfield code="r">2023-10-24 00:00:00</subfield>
    <subfield code="t">c.2</subfield>
    <subfield code="w">2023-10-24</subfield>
    <subfield code="y">CD</subfield>
  </datafield>
  <datafield tag="952" ind1=" " ind2=" ">
    <subfield code="0">0</subfield>
    <subfield code="1">0</subfield>
    <subfield code="2">local</subfield>
    <subfield code="4">0</subfield>
    <subfield code="5">1</subfield>
    <subfield code="7">0</subfield>
    <subfield code="8">MM</subfield>
    <subfield code="a">BC</subfield>
    <subfield code="b">BC</subfield>
    <subfield code="d">2023-10-24</subfield>
    <subfield code="l">0</subfield>
    <subfield code="o">CD-510</subfield>
    <subfield code="p">33724002565819</subfield>
    <subfield code="r">2023-10-25 00:00:00</subfield>
    <subfield code="t">c.3</subfield>
    <subfield code="w">2023-10-24</subfield>
    <subfield code="y">CD</subfield>
  </datafield>
  <datafield tag="952" ind1=" " ind2=" ">
    <subfield code="0">0</subfield>
    <subfield code="1">0</subfield>
    <subfield code="2">local</subfield>
    <subfield code="4">0</subfield>
    <subfield code="5">1</subfield>
    <subfield code="7">0</subfield>
    <subfield code="8">MM</subfield>
    <subfield code="a">BC</subfield>
    <subfield code="b">BC</subfield>
    <subfield code="d">2023-10-24</subfield>
    <subfield code="l">0</subfield>
    <subfield code="o">CD-510</subfield>
    <subfield code="p">33724002565777</subfield>
    <subfield code="r">2023-10-25 00:00:00</subfield>
    <subfield code="t">c.4</subfield>
    <subfield code="w">2023-10-24</subfield>
    <subfield code="y">CD</subfield>
  </datafield>
</record>
